[Event "Tourn. n9184"]
[Site "www.chess-mail.com"]
[Date "2017.01.24"]
[Round "1"]
[White "Yoj"]
[Black "Bojan"]
[WhiteElo "1900"]
[BlackElo "2000"]
[Result "0-1"]
[Round "1"]
1.e4 e5
2.Ng1f3 Nb8c6
3.Bf1c4 Qd8f6
4.d4 h6
5.d5 Nc6d4
6.Nf3xd4 exd4
7.O-O Bf8d6
8.Rf1e1 Bd6e5
9.Nb1a3 a6
10.Qd1d3 c5
11.dxc6 dxc6
12.g3 b5
13.Bc4b3 Bc8d7
14.f4 Be5d6
15.e5 Qf6e7
16.e6 fxe6
17.Bb3xe6 Kd8
18.f5 Ng8f6
19.Qd3xd4 Bd6c5
20.Qd4xc5 Qe7xc5
21.Bc1e3 Qc5e7
22.Ra1d1 Qe7b4
23.Be6xd7 Nf6xd7
24.Be3d4 Rh8g8
25.Re1e4 Qb4a5
26.Bd4c3 Qa5b6
27.Bc3d4 c5
28.Re4e6 Qb6a7
29.Bd4e3 Ra8b8
30.Re6d6 Rb8b7
31.Rd1d5 Kc8
32.b4 Rg8e8
33.Rd6e6 Re8xe6
34.fxe6 Nd7f6
35.Rd5xc5 Kb8
36.Be3f4 Ka8
37.Kg2 Rb7b8
38.Rc5c7 Qa7d4
39.Rc7c6 Qd4e4
{ resign }
0-1

[Event "Tourn. n9198"]
[Site "www.chess-mail.com"]
[Date "2017.01.24"]
[Round "1"]
[White "Norlavuaram"]
[Black "Guidom"]
[WhiteElo "2130"]
[BlackElo "2040"]
[Result "1-0"]
[Round "1"]
1.e4 e5
2.Ng1f3 Nb8c6
3.Bf1b5 d6
4.c3 Bc8d7
5.O-O Bf8e7
6.d4 exd4
7.cxd4 Be7f6
8.Nb1c3 Ng8e7
9.h3 O-O
10.Bc1f4 g6
11.Qd1d2 Bf6g7
12.Rf1e1 a6
13.Bb5a4 Qd8c8
14.Ra1d1 f5
15.Ba4b3 Kh8
16.e5 dxe5
17.dxe5 Bd7e6
18.Bb3xe6 Qc8xe6
19.Qd2d7 Qe6xd7
20.Rd1xd7 Ra8c8
21.Nf3g5 h6
22.Ng5e6 Rf8g8
23.Ne6xg7 Kxg7
24.e6 g5
25.Bf4xc7 Kg6
26.Bc7d6 Rg8g7
27.Rd7xb7 h5
28.Nc3a4 g4
29.Na4c5 a5
30.hxg4 hxg4
31.a3 Rg7h7
32.f3 gxf3
33.gxf3 Rc8h8
34.Kg2 f4
35.Bd6xf4 Ne7f5
36.Rb7xh7 Rh8xh7
37.Bf4d2 Nc6d4
38.Bd2c3 Nd4c2
39.Re1e4 Nc2e3
40.Kg1 Rh7h3
41.e7 Rh3g3
42.Kf2 Rg3g2
43.Ke1 Ne3c2
44.Kd1 Nf5e3
45.Kc1 Rg2g1
46.Kd2 Rg1d1
47.Ke2 { resign }
1-0

[Event "Tourn. n9095"]
[Site "www.chess-mail.com"]
[Date "2017.01.24"]
[Round "1"]
[White "Caspito"]
[Black "Redapond1"]
[WhiteElo "1850"]
[BlackElo "1949"]
[Result "1-0"]
[Round "1"]
1.e4 e5
2.Ng1f3 Nb8c6
3.Bf1c4 h6
4.c3 Ng8f6
5.d4 exd4
6.Nf3xd4 Bf8c5
7.Nd4xc6 dxc6
8.Qd1xd8 Kxd8
9.e5 Nf6g4
10.O-O Ng4xh2
11.Kxh2 Bc8e6
12.Bc4xe6 fxe6
13.Nb1d2 Rh8f8
14.f4 Bc5e3
15.g3 Ke7
16.Nd2e4 Be3b6
17.Kh3 Ra8d8
18.Kh4 Rd8d3
19.a4 Rf8d8
20.b3 Bb6e3
21.Bc1b2 c5
22.Ne4xc5 Be3xc5
23.b4 Bc5b6
24.c4 Rd3b3
25.Bb2a3 Rd8d3
26.c5 Rb3xa3
27.cxb6 axb6
28.Ra1xa3 Rd3xa3
29.b5 Kf7
30.Rf1c1 g5
31.fxg5 Ra3xa4
32.Kh5 Ke8
33.g6 Kf8
34.Rc1xc7 Ra4e4
35.Kxh6 Re4xe5
36.g7 { resign }
1-0

[Event "Tourn. n9166"]
[Site "www.chess-mail.com"]
[Date "2017.01.24"]
[Round "1"]
[White "Rovaniaina"]
[Black "Attatroll"]
[WhiteElo "1809"]
[BlackElo "1910"]
[Result "0-1"]
[Round "1"]
1.e4 d6
2.Nb1c3 Ng8f6
3.d4 g6
4.Bc1e3 Bf8g7
5.Ng1f3 O-O
6.Bf1c4 c6
7.e5 Nf6g4
8.Be3f4 dxe5
9.dxe5 Bc8f5
10.h3 Ng4h6
11.Qd1d2 Qd8xd2
12.Nf3xd2 Bf5xc2
13.e6 fxe6
14.Bc4xe6 Kh8
15.Bf4e3 Nh6f5
16.Nd2f3 Nf5xe3
17.fxe3 Bg7xc3
18.Ke2 Bc3xb2
19.Ra1f1 Nb8a6
20.Nf3g5 Na6c5
21.Ng5f7 Kg7
22.Be6c4 Bb2f6
{ resign }
0-1

[Event "Tourn. n9084"]
[Site "www.chess-mail.com"]
[Date "2017.01.24"]
[Round "1"]
[White "Ozana"]
[Black "Guidom"]
[WhiteElo "2010"]
[BlackElo "2150"]
[Result "1-0"]
[Round "1"]
1.Ng1f3 d5
2.d4 c6
3.c4 Ng8f6
4.Nb1c3 e6
5.Bc1g5 Bf8e7
6.e3 O-O
7.Bf1d3 dxc4
8.Bd3xc4 Nf6d5
9.Bg5xe7 Qd8xe7
10.O-O Nb8d7
11.Ra1c1 Nd7b6
12.Bc4d3 g6
13.Nc3e2 f6
14.e4 Nd5b4
15.Bd3b1 f5
16.Ne2g3 f4
17.Ng3e2 g5
18.h3 Bc8d7
19.Ne2c3 Ra8d8
20.a3 Nb4a6
21.e5 Nb6d5
22.Nc3e4 h6
23.Ne4d6 Rd8b8
24.Qd1d3 Qe7g7
25.Nf3d2 Nd5e7
26.Nd2e4 Ne7f5
27.Ne4f6 Kh8
28.Nd6xf5 exf5
29.d5 Rb8d8
30.dxc6 Bd7xc6
31.Qd3xf5 Rd8d2
32.Rf1d1 Rd2xd1
33.Rc1xd1 Na6c5
34.Rd1d6 Nc5d7
35.Qf5e6 Nd7c5
36.Qe6c4 Nc5d7
37.Nf6h5 Nd7xe5
38.Qc4c2 f3
39.Nh5xg7 { resign }
1-0

[Event "Tourn. n9137"]
[Site "www.chess-mail.com"]
[Date "2017.01.24"]
[Round "1"]
[White "Jobeye"]
[Black "Pappilova"]
[WhiteElo "1980"]
[BlackElo "1970"]
[Result "0-1"]
[Round "1"]
1.c4 e5
2.Ng1f3 Nb8c6
3.e3 Ng8f6
4.Nb1c3 Bf8b4
5.Qd1c2 Qd8e7
6.Nc3d5 Nf6xd5
7.cxd5 e4
8.dxc6 exf3
9.cxd7 Qe7xd7
10.Qc2e4 Bb4e7
 { time }
0-1

[Event "Tourn. n9144"]
[Site "www.chess-mail.com"]
[Date "2017.01.24"]
[Round "1"]
[White "Pachi"]
[Black "Vasylpuzanov"]
[WhiteElo "1440"]
[BlackElo "1350"]
[Result "0-1"]
[Round "1"]
1.e4 e5
2.Ng1f3 Nb8c6
3.b3 Ng8f6
4.Bc1b2 d6
5.d4 exd4
6.Bb2xd4 Nf6xe4
7.Qd1e2 d5
8.Nf3e5 Nc6xd4
9.c3 Nd4xe2
10.Bf1xe2 Bf8d6
11.f3 Qd8h4
12.g3 Ne4xg3
{ resign }
0-1

[Event "Tourn. n9121"]
[Site "www.chess-mail.com"]
[Date "2017.01.24"]
[Round "1"]
[White "Roohbakhsh"]
[Black "Ffdd65"]
[WhiteElo "2190"]
[BlackElo "2220"]
[Result "1-0"]
[Round "1"]
1.d4 d5
2.c4 c6
3.Ng1f3 Ng8f6
4.Nb1c3 e6
5.Bc1g5 Bf8e7
6.e3 h6
7.Bg5h4 Be7d6
8.Bf1d3 g5
9.Bh4g3 Bd6xg3
10.hxg3 Nb8d7
11.Nf3xg5 Ke7
12.Ng5f3 b6
13.Nf3e5 Nd7xe5
14.dxe5 Nf6d7
15.f4 Nd7c5
16.Bd3c2 Bc8a6
17.b3 dxc4
18.Qd1g4 Qd8g8
19.Qg4h4 Ke8
20.Ra1d1 Qg8f8
21.Rd1d6 Ra8c8
22.Kf2 Qf8e7
23.Qh4g4 Nc5b7
24.Nc3e4 Nb7xd6
25.exd6 Qe7f8
26.Rh1d1 Kd7
27.Ne4f6 Kd8
28.Qg4h4 { resign }
1-0

[Event "Tourn. n9076"]
[Site "www.chess-mail.com"]
[Date "2017.01.24"]
[Round "1"]
[White "Leochessnut"]
[Black "Genius3"]
[WhiteElo "1870"]
[BlackElo "1830"]
[Result "1-0"]
[Round "1"]
1.e4 e5
2.Ng1f3 Ng8f6
3.Nf3xe5 d6
4.Ne5f3 Nf6xe4
5.d4 d5
6.Bf1d3 Bf8e7
7.Bc1e3 Nb8c6
8.Nb1c3 f5
9.Nf3e5 Nc6xe5
10.dxe5 O-O
11.Bd3xe4 dxe4
12.Qd1e2 c6
13.Qe2c4 Kh8
14.O-O Qd8e8
15.Nc3e2 Qe8f7
16.Qc4c3 Bc8e6
17.Rf1d1 a6
18.Ne2f4 Rf8d8
19.Be3b6 Rd8xd1
20.Ra1xd1 Ra8e8
21.a3 Be6c8
22.g3 Bc8e6
23.Nf4xe6 Qf7xe6
24.Qc3d4 h6
25.Qd4d7 Qe6xd7
26.Rd1xd7 { resign }
1-0

[Event "Tourn. n9076"]
[Site "www.chess-mail.com"]
[Date "2017.01.24"]
[Round "1"]
[White "Julian"]
[Black "Genius3"]
[WhiteElo "1860"]
[BlackElo "1830"]
[Result "1-0"]
[Round "1"]
1.e4 d6
2.d4 Ng8f6
3.Nb1c3 g6
4.f4 Bf8g7
5.Ng1f3 O-O
6.Bf1e2 c6
7.O-O Qd8c7
8.h3 a6
9.Bc1e3 b5
10.Qd1d2 Bc8b7
11.g4 Nb8d7
12.e5 Nf6d5
13.Be3f2 Nd5xc3
14.Qd2xc3 Ra8c8
15.Bf2g3 dxe5
16.dxe5 e6
17.Kh2 c5
18.Ra1d1 Nd7b6
19.b3 Rf8d8
20.Rd1xd8 Rc8xd8
21.f5 gxf5
22.gxf5 Bb7d5
23.Qc3e3 Bd5xf3
24.Rf1xf3 Nb6d5
25.Qe3g5 Kh8
26.f6 Bg7f8
27.Qg5h5 Nd5b4
28.a3 Nb4xc2
29.Be2d3 Rd8xd3
30.Rf3xd3 Nc2xa3
31.Bg3f4 c4
32.bxc4 bxc4
33.Rd3g3 c3
34.Qh5g4 { resign }
1-0

[Event "Tourn. n9077"]
[Site "www.chess-mail.com"]
[Date "2017.01.24"]
[Round "1"]
[White "Ejner"]
[Black "Witkapje"]
[WhiteElo "2410"]
[BlackElo "2480"]
[Result "0-1"]
[Round "1"]
1.d4 Ng8f6
2.c4 e6
3.Ng1f3 b6
4.g3 Bc8a6
5.Qd1a4 Ba6b7
6.Bf1g2 c5
7.dxc5 Bf8xc5
8.Nb1c3 O-O
9.O-O h6
10.Bc1f4 Qd8e7
11.Ra1c1 Nb8c6
12.Nf3e5 Rf8c8
13.Ne5d3 d6
14.Nd3xc5 dxc5
15.Bg2xc6 Bb7xc6
16.Qa4c2 e5
17.Bf4d2 Qe7e6
18.e4 Qe6xc4
19.f3 Nf6e8
20.Bd2e3 Qc4e6
21.Rc1d1 Ne8c7
22.Qc2d2 Nc7b5
23.Nc3xb5 Bc6xb5
24.Rf1f2 Qe6xa2
25.Qd2c3 Rc8d8
26.Rf2d2 Rd8xd2
27.Qc3xd2 Qa2b3
28.Qd2c1 Bb5e2
{ resign }
0-1

[Event "Match"]
[Site "www.echecsemail.com"]
[Date "2017.01.24"]
[Round "1"]
[White "Canario"]
[Black "Jobeye"]
[WhiteElo "1830"]
[BlackElo "2419"]
[Result "1-0"]
[Round "1"]
1.e4 e5
2.Ng1f3 Nb8c6
3.Nb1c3 Bf8c5
4.Bf1c4 f6
5.d3 Ng8e7
6.Bc1e3 Bc5xe3
7.fxe3 b6
8.Nf3h4 d6
9.h3 a6
10.a3 b5
11.Bc4d5 Bc8d7
12.Rh1f1 Ra8b8
13.Bd5xc6 Bd7xc6
14.Qd1f3 Bc6d7
15.Nc3d5 Ne7xd5
16.exd5 O-O
17.Nh4f5 Bd7xf5
18.Qf3xf5 Qd8e7
19.c4 bxc4
20.Ra1b1 Rb8b3
21.dxc4 Rb3xe3
22.Kf2 Re3b3
23.Kg1  { time }
1-0

[Event "Match"]
[Site "www.echecsemail.com"]
[Date "2017.01.24"]
[Round "1"]
[White "Yoj"]
[Black "Add"]
[WhiteElo "1909"]
[BlackElo "2130"]
[Result "0-1"]
[Round "1"]
1.f4 d5
2.c3 Ng8f6
3.Qd1c2 e6
4.h3 Bf8d6
5.d3 Nf6h5
6.e3 Qd8h4
7.Qc2f2 Qh4xf2
8.Kxf2 Nb8c6
9.g4 Nh5f6
10.Nb1d2 h6
11.Nd2b3 Bc8d7
12.Ng1f3 Nf6h7
13.h4 O-O-O
14.Bc1d2 e5
15.f5 e4
16.dxe4 dxe4
17.Nf3d4 g6
18.Bf1g2 gxf5
19.gxf5 Nh7f6
20.c4 Rh8g8
21.Ra1g1 a6
22.Nd4xc6 Bd7xc6
23.Bg2h3 Bd6e5
24.Rg1xg8 Rd8xg8
25.Bd2c1 h5
26.Rh1d1 b6
27.a3 Be5g3
28.Ke2 Bc6a4
29.Nb3d2 Ba4xd1
30.Kxd1 Bg3xh4
31.b4 Rg8g3
32.Bc1b2 Rg3xh3
33.Bb2e5 Rh3xe3
{ resign }
0-1

[Event "Match"]
[Site "www.echecsemail.com"]
[Date "2017.01.24"]
[Round "1"]
[White "Pdebonis"]
[Black "Wd40"]
[WhiteElo "1759"]
[BlackElo "2329"]
[Result "0-1"]
[Round "1"]
1.e4 e5
2.f4 exf4
3.Bf1e2 f5
4.exf5 Qd8h4
5.Kf1 d5
6.Ng1f3 Qh4h6
7.c4 Bc8xf5
8.Qd1b3 Nb8d7
9.Qb3xb7 Ra8b8
10.Qb7xc7 Bf8d6
11.Qc7a5 Ng8e7
12.d4 Bd6b4
13.Qa5a4 O-O
14.c5 Bf5g4
15.Bc1d2 Ne7f5
16.Bd2xb4 Nf5g3
17.Kf2 Ng3xh1
18.Kg1 Nh1g3
19.Be2b5 Bg4xf3
20.gxf3 Rf8f6
21.Bb5xd7 Rf6g6
22.Bd7g4 Rg6xg4
{ resign }
0-1

[Event "Match"]
[Site "www.echecsemail.com"]
[Date "2017.01.24"]
[Round "1"]
[White "Rovaniaina"]
[Black "Yoj"]
[WhiteElo "1919"]
[BlackElo "1749"]
[Result "1-0"]
[Round "1"]
1.e4 g5
2.Qd1h5 e5
3.Bf1c4 Qd8f6
4.Ng1f3 d5
5.Bc4xd5 Ng8e7
6.Nb1c3 h6
7.Nf3xe5 Qf6xe5
8.Bd5xf7 Kd8
9.O-O Nb8c6
10.d3 Nc6d4
11.Bc1e3 Nd4xc2
12.Ra1c1 Nc2xe3
13.fxe3 Bf8g7
14.Nc3d5 Ne7xd5
15.Bf7xd5 Qe5xb2
16.Rc1c4 Qb2xa2
17.Qh5f7 Bg7b2
18.Rc4c2 Qa2a5
19.Rc2xb2 Qa5c5
20.Qf7f6 Qc5e7
21.Qf6xh8 { resign }
1-0

[Event "Match"]
[Site "www.echecsemail.com"]
[Date "2017.01.24"]
[Round "1"]
[White "Fangshuo"]
[Black "Yoj"]
[WhiteElo "2030"]
[BlackElo "1990"]
[Result "1-0"]
[Round "1"]
1.e4 e6
2.Ng1f3 c5
3.Nb1c3 Nb8c6
4.Bf1e2 a6
5.O-O g6
6.d4 cxd4
7.Nf3xd4 Bf8g7
8.Nd4xc6 bxc6
9.Bc1d2 Qd8b6
10.b3 Qb6b4
11.Be2d3 Bg7xc3
12.a3 Qb4d4
13.Bd2e3 Qd4e5
14.f4 Qe5a5
15.b4 Qa5a4
16.Ra1a2 Bc3xb4
17.Qd1a1 f6
18.axb4 Qa4xb4
19.Rf1b1 Qb4e7
20.Bd3xa6 Bc8xa6
21.Ra2xa6 Ra8c8
22.Ra6a8 Rc8xa8
23.Qa1xa8 Kf7
24.Rb1b7 Qe7d6
25.Qa8d8 Qd6d1
26.Kf2 Qd1xc2
27.Kg3 Kg7
28.Rb7xd7 Kh6
29.f5 Kh5
30.Qd8xg8 Qc2xe4
31.Rd7xh7 { resign }
1-0

[Event "Match"]
[Site "www.echecsemail.com"]
[Date "2017.01.24"]
[Round "1"]
[White "Yoj"]
[Black "Pariolinius"]
[WhiteElo "1749"]
[BlackElo "1900"]
[Result "0-1"]
[Round "1"]
1.Ng1f3 Ng8f6
2.Nf3h4 d5
3.g3 Nb8c6
4.c3 e5
5.e3 Bf8d6
6.Bf1e2 Nc6e7
7.Nh4f3 O-O
8.d3 Bc8h3
9.Nf3h4 Ne7f5
10.Nh4xf5 Bd6c5
11.Nf5h4 Qd8e7
12.b4 Bc5d6
13.a4 c6
14.Nb1d2 b6
15.Nd2f3 e4
16.dxe4 Nf6xe4
17.Qd1d4 Ra8d8
18.Nf3g1 Bd6e5
19.Qd4xe5 Qe7xe5
20.Bc1b2 Ne4xc3
21.Ng1xh3 d4
22.Nh4f3 Qe5e4
23.Nh3g5 Qe4c2
24.Bb2xc3 Qc2xc3
25.Nf3d2 Qc3xa1
26.Be2d1 dxe3
27.fxe3 Qa1c3
28.Ng5e4 Qc3xe3
{ resign }
0-1

[Event "Match"]
[Site "www.echecsemail.com"]
[Date "2017.01.24"]
[Round "1"]
[White "Mitja"]
[Black "Ssharp"]
[WhiteElo "1970"]
[BlackElo "2130"]
[Result "0-1"]
[Round "1"]
1.d4 f5
2.e3 Ng8f6
3.c3 e6
4.h3 b6
5.Nb1d2 Bc8b7
6.Nd2b3 Nb8c6
7.Ng1e2 Bf8e7
8.Ne2f4 O-O
9.Nb3d2 Qd8e8
10.Bf1e2 Nc6d8
11.Be2f3 d5
12.b3 Bb7a6
13.Bf3e2 Ba6xe2
14.Qd1xe2 a6
15.Bc1b2 c5
16.dxc5 Be7xc5
17.Nd2f3 e5
18.Nf4d3 Bc5d6
19.Nf3h2 e4
20.Nd3b4 Qe8e5
21.Nb4c2 Qe5e8
22.O-O Qe8e5
23.g3 Nd8c6
24.Nc2d4 Nc6xd4
25.cxd4 Qe5e8
26.Kg2 b5
27.a3 Qe8g6
28.Rf1g1 Ra8c8
29.b4 Nf6h5
30.Kf1 Nh5f6
31.h4 Rc8c4
32.Kg2 Rf8c8
33.Ra1c1 f4
34.Kh1 f3
35.Qe2d2 h5
36.Rc1xc4 bxc4
37.Rg1c1 Qg6f5
38.Qd2e1 Rc8b8
39.Bb2c3 a5
40.Rc1a1 axb4
41.axb4 Bd6xb4
42.Bc3xb4 Rb8xb4
43.Ra1a8 Kh7
44.Ra8a7 Qf5h3
{ resign }
0-1

[Event "1/128 Finale"]
[Site "www.chess-mail.com"]
[Date "2017.01.24"]
[Round "1"]
[White "Pdebonis"]
[Black "Norwich"]
[WhiteElo "1499"]
[BlackElo "1760"]
[Result "1-0"]
[Round "1"]
1.e4 e5
2.f4 Bf8c5
3.Ng1f3 d6
4.c3 Ng8f6
5.d4 exd4
6.cxd4 Bc5b4
7.Bc1d2 Bb4xd2
8.Nb1xd2 O-O
9.Qd1b3 Nb8d7
10.Bf1d3 c5
11.e5 dxe5
12.dxe5 Nf6e8
13.Nf3g5 { resign }
1-0

[Event "Fast Game"]
[Site "www.echecsemail.com"]
[Date "2017.01.24"]
[Round "1"]
[White "Yoj"]
[Black "Genius7"]
[WhiteElo "1969"]
[BlackElo "1709"]
[Result "1-0"]
[Round "1"]
1.c4 f5
2.Nb1c3 Ng8f6
3.d3 e5
4.e3 Bf8b4
5.Bc1d2 O-O
6.Ra1c1 d6
7.d4 Bb4xc3
8.Bd2xc3 exd4
9.Bc3xd4 Nb8c6
10.g3 Nc6xd4
11.Qd1xd4 Qd8e7
12.Bf1g2 Qe7e5
13.Qd4xe5 dxe5
14.Bg2d5 Kh8
15.Ng1f3 c6
16.Nf3xe5 cxd5
17.cxd5 Nf6xd5
18.O-O Bc8e6
19.a3 Ra8c8
20.Rc1xc8 Rf8xc8
21.Kg2 Kg8
22.Kf3 g6
23.Rf1d1 Kg7
{ time. }
1-0

[Event "Tourn. n9144"]
[Site "www.chess-mail.com"]
[Date "2017.01.25"]
[Round "1"]
[White "Scotland"]
[Black "Pachi"]
[WhiteElo "1499"]
[BlackElo "1389"]
[Result "0-1"]
[Round "1"]
1.e4 e5
2.Ng1f3 Nb8c6
3.c3 g6
4.d4 Bf8g7
5.dxe5 Bg7xe5
6.Nf3xe5 Nc6xe5
7.Qd1d4 d6
8.f4 c5
9.Qd4a4 Ne5d7
10.Bc1e3 Ng8h6
11.f5 Nh6g4
12.Be3d2 O-O
13.Bf1e2 Qd8h4
14.g3 Qh4h3
15.Be2xg4 Qh3xg4
16.Bd2f4 gxf5
17.Qa4d1 Rf8e8
18.Qd1xg4 fxg4
19.Nb1d2 b5
20.Bf4xd6 f5
 { time }
0-1

[Event "Tourn. n9189"]
[Site "www.chess-mail.com"]
[Date "2017.01.25"]
[Round "1"]
[White "Genius9"]
[Black "Vaido12"]
[WhiteElo "1620"]
[BlackElo "1599"]
[Result "0-1"]
[Round "1"]
1.e4 c5
2.Ng1f3 Nb8c6
3.Bf1b5 g6
4.Bb5xc6 bxc6
5.d4 Bc8a6
6.dxc5 Qd8a5
7.c3 Qa5xc5
8.Qd1d4 Qc5b5
9.Qd4d2 Bf8h6
10.a4 Bh6xd2
{ resign }
0-1

[Event "Tourn. n9210"]
[Site "www.chess-mail.com"]
[Date "2017.01.25"]
[Round "1"]
[White "Norlavuaram"]
[Black "Bojan"]
[WhiteElo "2150"]
[BlackElo "2010"]
[Result "1-0"]
[Round "1"]
1.e4 e5
2.Ng1f3 d6
3.d4 exd4
4.Nf3xd4 a6
5.c4 c5
6.Nd4f3 Bf8e7
7.Nb1c3 Bc8d7
8.Bf1e2 Bd7e6
9.Bc1f4 f6
10.h3 Nb8c6
11.O-O Qd8c7
12.Qd1d2 Ra8d8
13.Ra1d1 g5
14.Bf4h2 g4
15.hxg4 Be6xg4
16.Nc3d5 Qc7b8
17.Nf3h4 Nc6e5
18.Bh2xe5 Bg4xe2
19.Qd2xe2 fxe5
20.Qe2h5 Kd7
21.Qh5g4 Kc6
22.Qg4g7 Be7xh4
23.Qg7xh8 Rd8d7
24.g3 Bh4g5
25.Kg2 Qb8e8
26.Rf1h1 Qe8g6
27.f3 h6
28.f4 Rd7h7
29.Qh8xh7 Qg6xh7
30.fxg5 Qh7xe4
31.Kf2 hxg5
32.Rh1h8 Qe4c2
33.Ke1 Qc2xb2
34.Rh8xg8 Qb2xa2
35.Rg8c8 Kd7
36.Rc8c7 Kd8
37.Rc7g7 Qa2xc4
38.Rg7d7 Kc8
39.Nd5b6 { resign }
1-0

[Event "Tourn. n9148"]
[Site "www.chess-mail.com"]
[Date "2017.01.25"]
[Round "1"]
[White "Genius3"]
[Black "Formargo"]
[WhiteElo "1850"]
[BlackElo "1760"]
[Result "1-0"]
[Round "1"]
1.Ng1f3 Ng8f6
2.c4 g6
3.Nb1c3 Bf8g7
4.d4 d6
5.e4 O-O
6.Bf1e2 e5
7.dxe5 dxe5
8.Qd1xd8 Rf8xd8
9.Bc1g5 c6
10.O-O h6
11.Bg5xf6 Bg7xf6
12.Rf1d1  { time }
1-0

[Event "Tourn. n9168"]
[Site "www.chess-mail.com"]
[Date "2017.01.25"]
[Round "1"]
[White "Cal"]
[Black "Autmich"]
[WhiteElo "1550"]
[BlackElo "1680"]
[Result "0-1"]
[Round "1"]
1.e4 e5
2.a3 Ng8f6
3.Nb1c3 Nb8c6
4.b4 d6
5.h3 Bf8e7
6.d3 O-O
7.Ng1f3 Bc8e6
8.Bc1g5 h6
9.Bg5xf6 Be7xf6
10.Bf1e2 d5
11.exd5 Be6xd5
12.O-O e4
13.dxe4 Bf6xc3
14.exd5 Bc3xa1
15.Qd1xa1 Qd8xd5
16.Be2d3 Rf8e8
17.Rf1d1 Qd5h5
18.c3 Ra8d8
19.h4 Nc6e5
20.Nf3xe5 Qh5xe5
21.f4 Qe5xf4
22.c4 Qf4e3
23.Kh1 Rd8xd3
24.Rd1xd3 Qe3xd3
25.c5 Qd3d2
26.b5 Re8e1
27.Qa1xe1 Qd2xe1
{ resign }
0-1

[Event "Tourn. n9187"]
[Site "www.chess-mail.com"]
[Date "2017.01.25"]
[Round "1"]
[White "Attatroll"]
[Black "Pinehill"]
[WhiteElo "1920"]
[BlackElo "2090"]
[Result "1-0"]
[Round "1"]
1.d4 Ng8f6
2.c4 h6
3.Nb1c3 e6
4.Ng1f3 Bf8b4
5.Bc1f4 O-O
6.a3 Bb4xc3
7.bxc3 d5
8.cxd5 Nf6xd5
9.Qd1d2 Qd8f6
10.Bf4e5 Qf6e7
11.e4 Nd5f6
12.Bf1d3 c5
13.O-O Nb8c6
14.Be5xf6 Qe7xf6
15.e5 Qf6e7
16.Ra1b1 Rf8d8
17.Qd2e3 cxd4
18.cxd4 Kf8
19.Rf1c1 a6
20.h3 Qe7xa3
21.Qe3e4 g6
22.Nf3h4 Rd8xd4
23.Nh4xg6 Kg7
24.Qe4f3 { resign }
1-0

[Event "Tourn. n9075"]
[Site "www.chess-mail.com"]
[Date "2017.01.25"]
[Round "1"]
[White "Cal"]
[Black "Madz123456"]
[WhiteElo "1570"]
[BlackElo "1420"]
[Result "1-0"]
[Round "1"]
1.Nb1c3 d5
2.d4 c6
3.h3 Bc8f5
4.Bc1f4 e6
5.Ng1f3 Bf8d6
6.Bf4xd6 Qd8xd6
7.Nf3e5 f6
8.Ne5f3 Ng8e7
9.a3 Nb8d7
10.e3 e5
11.dxe5 fxe5
12.Nf3g5 Qd6g6
13.Bf1d3 Qg6xg5
14.Bd3xf5 Qg5xf5
15.O-O O-O
16.b4 Nd7b6
17.f3 Qf5g5
18.Qd1e2 Ne7f5
19.Rf1d1 Nf5xe3
20.Rd1d3 Nb6c4
21.a4 Ne3f5
22.b5 Ra8e8
23.bxc6 bxc6
24.Qe2f2 Nf5h4
25.Nc3e2 e4
26.Rd3c3 exf3
27.Qf2g3 Qg5f6
28.Ra1f1 Re8xe2
29.Rc3xf3 Re2xg2
30.Qg3xg2  { time }
1-0

[Event "Tourn. n9150"]
[Site "www.chess-mail.com"]
[Date "2017.01.25"]
[Round "1"]
[White "Drawlward"]
[Black "Yangqi"]
[WhiteElo "2580"]
[BlackElo "2710"]
[Result "0-1"]
[Round "1"]
1.e4 e5
2.Ng1f3 Nb8c6
3.Bf1c4 Ng8f6
4.d3 Bf8c5
5.c3 a6
6.a4 O-O
7.b4 Bc5a7
8.Bc1g5 d6
9.Nb1d2 h6
10.Bg5h4 { time. }
0-1

[Event "Tourn. n9130"]
[Site "www.chess-mail.com"]
[Date "2017.01.25"]
[Round "1"]
[White "Autmich"]
[Black "Lachouette"]
[WhiteElo "1549"]
[BlackElo "1560"]
[Result "0-1"]
[Round "1"]
1.e4 e5
2.Ng1f3 d6
3.d4 Bc8g4
4.dxe5 Bg4xf3
5.Qd1xf3 dxe5
6.Bf1c4 Qd8f6
7.Qf3b3 b6
8.Nb1c3 Bf8c5
9.O-O Nb8c6
10.Bc4b5 O-O-O
11.Nc3d5 Qf6d6
12.Bc1e3 Nc6d4
13.Bb5a6 Kb8
14.Be3xd4 exd4
15.a4 Ng8e7
16.Nd5xe7 Qd6xe7
17.Qb3b5 Qe7xe4
18.Rf1e1 Qe4d5
19.a5 c6
20.Qb5d3 b5
21.h3 Rh8e8
22.Re1d1 Re8e4
23.Qd3g3 Re4e5
24.Rd1e1 Bc5d6
25.Qg3xg7 Re5g5
{ resign }
0-1

[Event "Tourn. n9079"]
[Site "www.chess-mail.com"]
[Date "2017.01.25"]
[Round "1"]
[White "Norlavuaram"]
[Black "Libiesse"]
[WhiteElo "2250"]
[BlackElo "2020"]
[Result "1-0"]
[Round "1"]
1.e4 c5
2.Ng1f3 e6
3.d4 cxd4
4.Nf3xd4 a6
5.Bc1e3 Ng8f6
6.Nb1d2 Qd8c7
7.c4 b6
8.Ra1c1 Bc8b7
9.Bf1d3 d6
10.O-O Bf8e7
11.f3 O-O
12.a3 Nb8c6
13.b4 Rf8d8
14.Qd1e2 Nc6e5
15.Bd3b1 Qc7d7
16.h3 Qd7a4
17.Rc1c3 Ra8c8
18.Bb1c2 Qa4d7
19.Rf1d1 b5
20.f4 Ne5g6
21.Nd4f3 d5
22.exd5 exd5
23.f5 Ng6f8
24.c5 Bb7c6
25.Nf3e5 Qd7b7
26.Be3d4 Rd8e8
27.Rc3e3 Rc8c7
28.Rd1e1 h5
29.Nd2f3 Nf8h7
30.Ne5xc6 Qb7xc6
31.Bd4e5 Rc7a7
32.Nf3d4 Qc6c8
33.Qe2f2 Nh7f8
34.c6 Nf8h7
35.c7  { time }
1-0

[Event "Tourn. n9171"]
[Site "www.chess-mail.com"]
[Date "2017.01.25"]
[Round "1"]
[White "Pellix84"]
[Black "Norlavuaram"]
[WhiteElo "2040"]
[BlackElo "2160"]
[Result "0-1"]
[Round "1"]
1.d4 Ng8f6
2.c4 e6
3.Bc1g5 c5
4.d5 exd5
5.cxd5 d6
6.Nb1c3 g6
7.e4 Bf8g7
8.h3 O-O
9.Bf1c4 a6
10.a4 Rf8e8
11.Ng1e2 Qd8c7
12.Ne2g3 Nb8d7
13.O-O h6
14.Bg5d2 Nd7e5
15.b3 Nf6d7
16.Ra1c1 Ne5xc4
17.bxc4 Nd7f6
18.Qd1f3 Bc8d7
19.Rf1e1 Ra8b8
20.Bd2f4 b5
21.axb5 axb5
22.cxb5 Bd7xb5
23.Qf3e3 g5
24.Bf4xd6 Qc7xd6
25.e5 Qd6d8
26.Qe3xc5 Nf6d7
27.Qc5d6 Nd7xe5
28.Ng3f5 Qd8f6
29.Qd6xf6 Bg7xf6
30.Nc3xb5 Rb8xb5
31.Nf5d6 Re8b8
32.Nd6xb5 Rb8xb5
33.Re1d1 Rb5b7
34.Kf1 Rb7d7
35.Ke2 Ne5g6
36.Ke3 Ng6f4
37.Rc1c6 Bf6g7
38.Ke4 Nf4xg2
39.d6 Bg7f8
40.Ke5 Ng2f4
41.Rc6c7 Nf4g6
42.Kf6 Rd7xd6
43.Rd1xd6 Bf8xd6
44.Rc7xf7 Ng6f4
45.Rf7g7 Kh8
46.Kf7 Bd6e5
47.Rg7g8 Kh7
48.Rg8e8 Be5d4
49.h4 Bd4xf2
50.hxg5 hxg5
51.Re8g8 Bf2h4
52.Rg8g7 Kh6
53.Rg7g8 Kh5
54.Kf6 Kg4
55.Rg8b8 Nf4h5
56.Kg6 Nh5f4
57.Kf6 Nf4h5
58.Kg6 Bh4g3
59.Rb8b1 Bg3f4
60.Rb1g1 Nh5g3
61.Kf6 Kf3
62.Ke6 g4
63.Kd5 Kf2
64.Rg1d1 Ng3e2
65.Rd1d3 Bf4e3
66.Ke4 g3
67.Rd3xe3 g2
68.Re3f3 Ke1
69.Rf3a3 Kd1
70.Ra3d3 Kc2
71.Ke3 g1Q
72.Kxe2 Qg1g2
73.Ke3 Qg2g3
{ resign }
0-1

[Event "Tourn. n9046"]
[Site "www.chess-mail.com"]
[Date "2017.01.25"]
[Round "1"]
[White "Jaroslavpech"]
[Black "Malbertan"]
[WhiteElo "1950"]
[BlackElo "2050"]
[Result "1-0"]
[Round "1"]
1.e4 e5
2.Ng1f3 Nb8c6
3.Bf1b5 f5
4.Nb1c3 Ng8f6
5.exf5 Bf8c5
6.O-O O-O
7.Nf3xe5 Nc6xe5
8.d4 Bc5xd4
9.Qd1xd4 d6
10.Bc1f4 c6
11.Bf4xe5 dxe5
12.Qd4xd8 Rf8xd8
13.Bb5d3 Nf6d5
14.Ra1e1 Nd5f4
15.Bd3c4 Kf8
16.Re1xe5 b5
17.Bc4b3 Bc8a6
18.Rf1e1 b4
19.Nc3e4 Nf4e2
20.Kh1 Ba6c8
21.Ne4g5 Ne2d4
22.Ng5xh7 { resign }
1-0

[Event "Tourn. n9153"]
[Site "www.chess-mail.com"]
[Date "2017.01.25"]
[Round "1"]
[White "Iko"]
[Black "Picifarkinca"]
[WhiteElo "1700"]
[BlackElo "1630"]
[Result "1/2-1/2"]
[Round "1"]
1.e4 e5
2.Ng1f3 Ng8f6
3.Nf3xe5 d6
4.Ne5f3 Nf6xe4
5.Qd1e2 Qd8e7
6.d3 Ne4f6
7.Bc1g5 Qe7xe2
8.Bf1xe2 Bf8e7
9.O-O O-O
10.Rf1e1 Nb8c6
11.c3 Bc8e6
12.Nb1d2 h6
13.Bg5xf6 Be7xf6
14.Nd2e4 Bf6e7
15.d4 Be6d5
16.Ne4d2 Be7f6
17.c4 Bd5xf3
18.Nd2xf3 Rf8e8
19.d5 Nc6e5
20.Nf3xe5 Bf6xe5
21.g3 b6
22.f4 Be5d4
23.Kg2 Bd4xb2
24.Ra1b1 Bb2c3
{ draw }
1/2-1/2

[Event "Tourn. n9078"]
[Site "www.chess-mail.com"]
[Date "2017.01.25"]
[Round "1"]
[White "Julian"]
[Black "Pariolinius"]
[WhiteElo "1900"]
[BlackElo "1870"]
[Result "0-1"]
[Round "1"]
1.e4 c5
2.Ng1f3 d6
3.d4 cxd4
4.Nf3xd4 Ng8f6
5.Nb1c3 g6
6.Bf1e2 Bf8g7
7.O-O O-O
8.f3 a6
9.Bc1e3 Bc8d7
10.Qd1d2 Nb8c6
11.Ra1d1 Ra8c8
12.Nc3d5 Nc6e5
13.b3 e6
14.Nd5xf6 Bg7xf6
15.c4 Ne5c6
16.g4 Bf6g7
17.g5 Qd8e7
18.h4 Nc6xd4
19.Be3xd4 e5
20.Bd4e3 Rf8d8
21.Rf1f2 Rc8c6
22.f4 Qe7e6
23.f5 gxf5
24.exf5 Qe6e8
25.Be2f3 Rc6c7
26.Bf3d5 Kh8
27.Be3b6 Rd8c8
28.Bb6xc7 Rc8xc7
29.f6 Bg7f8
30.Qd2e2 Bd7e6
31.Bd5xe6 Qe8xe6
32.Qe2h5 e4
33.Rd1d5 Qe6h3
34.Rf2g2 Qh3e3
35.Kh1 Qe3h3
36.Kg1 Qh3e3
37.Kh2 Qe3f4
38.Kh3 e3
39.g6 fxg6
40.Rg2xg6 Qf4f1
41.Rg6g2 Qf1h1
42.Kg3 Qh1e1
43.Kf4 Qe1f1
44.Qh5f3 Bf8h6
45.Kg4 Qf1b1
46.f7 Qb1g6
47.Kh3 Qg6e6
48.Rg2g4 Rc7xf7
49.Qf3g2 e2
50.Rd5xd6 Qe6e8
51.Rg4e4 e1Q
52.Re4xe8 Qe1xe8
53.Rd6xh6 Qe8e3
{ resign }
0-1